| 000 | 00351nam a2200145Ia 4500 | ||
|---|---|---|---|
| 008 | 150201s2007 xx 000 0 und d | ||
| 082 |
_a617.3 _bE2007T |
||
| 100 | _aTHAKUR, ANAND J. | ||
| 245 | _aTHE ELEMENTS OF FRACTURE FIXATION | ||
| 250 | _a2ND | ||
| 260 |
_bELSEVIER _aDELHI _c2007 |
||
| 300 | _a1-326 | ||
| 650 | _aORTHOPEDICS | ||
| 942 |
_2ddc _cBK |
||
| 999 |
_c4457 _d4457 |
||